00680nam a2200205I 450000100060000000300060000600500170001200800410002903500190007004000320008904100080012108200200012910000320014924500860018126000380026730000370030549000330034265000550037570000440043021017OCoLC20211209000635.0140303s1959 nyua 000 1 eng d a(BD-RjUL)21079 aTXDcTXDdBOSdBD-RjULbeng aeng a823.5bDER 19591 aDefoe, Daniel,d1661?-1731.10aRobinson Crusoe /cby Daniel Defoe, Robert Trumbull and edited by Stanley Rodman. aNew York,:bIrving Place,cc1959. axxix, 609 p. :billus. ;c20 cm.1 aNoble's comparative classics 0aCrusoe, Robinson (Fictitious character)xFiction. 1 aTrumbull, Robert.d1902-1979.4The raft